Tendencias y respuestas hacia la violencia delictiva en Latinoamérica /
Gespeichert in:
| 1. Verfasser: | |
|---|---|
| Format: | Unbekannt |
| Veröffentlicht: |
Buenos Aires:
CLACSO
|
| Schlagworte: | |
| Tags: |
Tag hinzufügen
Keine Tags, Fügen Sie den ersten Tag hinzu!
|
MARC
| LEADER | 00000 a2200000 04500 | ||
|---|---|---|---|
| 001 | 38421 | ||
| 003 | cru IIS | ||
| 005 | 20230509130408.0 | ||
| 008 | 991231s d | ||
| 020 | |a 950-9231-81-9 | ||
| 022 | |a 950-9231-81-9 | ||
| 040 | |c CRAI | ||
| 090 | |a 0002 B849v | ||
| 100 | |a Gabaldón, Luis Gerardo |9 11289 | ||
| 245 | |a Tendencias y respuestas hacia la violencia delictiva en Latinoamérica / |c Luis Gerardo Gabaldón | ||
| 260 | |a Buenos Aires: |b CLACSO | ||
| 300 | |a 245-260 p. | ||
| 500 | |a También en formato digital En: Ciencias Sociales en América Latina y el Caribe, 19420 | ||
| 650 | |a VIOLENCIA | ||
| 650 | |a DELINCUENCIA | ||
| 650 | |a POBREZA | ||
| 650 | |a AMERICA LATINA | ||
| 942 | |2 ddc |c LI | ||
| 999 | |c 12035 |d 12035 | ||
| 773 | 0 | |0 17577 |9 8841 |a Briceño León, Roberto |d Buenos Aires: CLACSO 2002 |o 05877 |t Violencia, sociedad y justicia en América Latina / |w (cru CIDCACS/IIS)38309 |x 950-9231-81-9 |z 950-9231-81-9 | |



